Mobilný plánovací asistent

Saved in:
Bibliographic Details
Main Author: Salamon, Peter (Author)
Other Authors: Kučera, Erik (Thesis advisor)
Format: Manuscript Book
Language:Slovak
Published: Bratislava : STU v Bratislave FEI, 2020
Subjects:
Online Access:https://opac.crzp.sk/?fn=detailBiblioForm&sid=6A51EE906317AC868C28E4B2A649&seo=CRZP-detail-kniha
Tags: Add Tag
No Tags, Be the first to tag this record!

MARC

LEADER 00000ntm a22000003a 4500
001 stuzp76631
003 SK-STU
005 20200728115506.3
007 ta
008 150427s2015----xo-----f-mn---000-0-slo-d
040 |a STU  |b slo 
041 0 |a slo 
044 |a xo 
100 1 |a Salamon, Peter  |u 035000  |4 aut  |U FEI Fakulta elektrotechniky a informatiky  |T FEI Ústav informatiky a matematiky  |X 8862  |U E050  |Y 816  |7 8862 
242 0 1 |a Mobile Planning Assistant  |y eng 
245 1 0 |a Mobilný plánovací asistent 
260 |c Bratislava :  |c STU v Bratislave FEI,  |c 2020 
300 |a 60 s. 
650 4 |a Plánovač  |2 slo 
650 4 |a Kalendár  |2 slo 
650 4 |a Multiplatformová aplikácia  |2 slo 
650 4 |a Xamarin.Forms  |2 slo 
650 4 |a Cross-platform application  |2 eng 
650 4 |a Xamarin.Forms  |2 eng 
650 4 |a Scheduler  |2 eng 
650 4 |a Calendar  |2 eng 
700 1 |a Kučera, Erik  |u 030400  |k Z1  |4 ths  |U FEI Fakulta elektrotechniky a informatiky  |T FEI Ústav automobilovej mechatroniky  |X 55901  |U E400  |Y 642  |7 A000055901 
856 4 |u https://opac.crzp.sk/?fn=detailBiblioForm&sid=6A51EE906317AC868C28E4B2A649&seo=CRZP-detail-kniha